01875nab a2200241 ab450000500170000000800410001700300010005804000350005910000300009424501480012450600190027252009970029165300180128865300160130665300190132265300170134165300240135865300160138265300150139877301010141385600570151485600620157120260702140404.0260604b2025 sp tr poo| 0 0 spa d aMX-MxUPNbspacMX-MxUPNeaacr21 aMartín Artiles, Antonio11aModelos socioeconómicos en Europa y América Latina :buna tipología de la desigualdad e inestabilidadh[recurso electrónico en línea]0 aAcceso abierto3 aEste artículo compara los modelos de empleo y regímenes de bienestar en Europa y Latinoamérica entre 2008 y 2023. Subrayamos tres puntos claves: primero, las instituciones de distribución y el ideal de democracia igualitaria han retrocedido en todos los regímenes de bienestar. Las desigualdades en los ingresos se estancaron o aumentaron en Europa, mientras que en algunos países de América Latina se redujeron; segundo, la pérdida de recursos de poder sindical correlaciona con el debilitamiento de las instituciones distributivas, los modelos de economías coordinadas han sostenido mejor la distribución que las economías liberales de mercado; y, tercero, los principales factores discriminantes son la institucionalidad social-laboral versus informalidad, a más distancia las tasas de actividad ocupacional y la cobertura de la negociación colectiva. En la institucionalidad social se distinguen cinco tipos: alta, media-alta, media-baja, baja y muy baja. cREIS aInstituciones aDesigualdad aDistribución aInformalidad aProtección social aLiberalismo aSindicatos gNo. 193 (2025), p. 89-112tREIS: revista española de investigaciones sociológicasx1988-59034 uhttps://reis.cis.es/index.php/reis/article/view/24634 uhttps://reis.cis.es/index.php/reis/article/view/2463/3081